Score 0/16 Timer 05:00
55 Plays Today
Hint Answer % Correct
Which city is the capital city of Ukraine?Kyiv
94.6%
Which city is the second largest city in Poland?Kraków
86.3%
Which semi-recognized independent state can be found in the Balkan Peninsula?Kosovo
76.6%
Which English county is known as the 'Garden of England'?Kent
70%
What name is given to a major fortified central complex found in historic Russian cities, most famously Moscow?Kremlin
69%
What is the German name of the country's fourth largest city located in North Rhine-Westphalia? Köln
49.3%
Which Russian exclave is located between Poland and Lithuania on the Baltic Sea?Kaliningrad
44.3%
Tralee is the capital of which south-west Irish county in the Province of Munster?Kerry
30.7%
Hint Answer % Correct
Which city in the German state of Schleswig-Holstein has a 98-kilometre long canal connecting it to Brunsbüttel? Kiel
28.5%
Which second-largest city of Ukraine was the scene of several military engagements during WWII?Kharkov
23.5%
Which Bronze Age city discovered in Crete in 1878 is considered Europe's oldest city?Knossos
21.5%
The area around which Russian city was the site of the largest tank battle in history in 1943?Kursk
21.3%
Which city in southern Poland is the largest city in the geographical region of Upper Silesia?Katowice
19.5%
Which city is the capital and largest city of the Republic of Tatarstan, Russia?Kazan
19%
Which city in Baden-Württemberg southwest Germany sits close to the Franco-German border?Karlsruhe
16%
Which strait lies between Jutland, Denmark, and southern Sweden?Kattegat
13.9%
Remove Ads.
Support Sporcle.
Get the best of Sporcle when you Go Orange. This ad-free experience offers more features, more stats, and more fun while also helping to support Sporcle. Thank you for becoming a member.

You're not logged in!

Compare scores with friends on all Sporcle quizzes.
OR
Log In

Show Comments

Extras

Top Quizzes Today


Score Distribution

Your Account Isn't Verified!

In order to create a playlist on Sporcle, you need to verify the email address you used during registration. Go to your Sporcle Settings to finish the process.

Report this User

Report this user for behavior that violates our Community Guidelines.

Details: